01428nam a22003377a 45000010005000000030009000050050017000140070005000310080035000360200015000710400022000860820018001081000042001262450176001682500011003442600069003553000024004244900028004485040032004766500040005087000035005487000038005838300028006219420012006499450038006619520156006999520162008559560021010179560037010389990015010750074DO-SdBNP20171109101846.00074151006b1986 sp||| |||| 00| 0 spa d a8485252160 aBPMSUbspacBPMSU 4a371.92bP438o10aPérez Portabella, Francisco Javier10aOrientaciones psicopedagogicas para la intengración del deficiente /cFrancisco Javier Pérez-Portabella, Begoña Urquia Martínez ; prólogo Luis Folch i Camarasa a6a ed. aMadrid :bCiencias de la Educación Preescolar y Especialc1986 a371 p.bil.c24 cm.10aEducación especialv1 aBibliografía : p. 361-363 aNIÑOS CON DISCAPACIDADES MENTALES10aUrquía Martínez, Begoña10aJordana Pozas, Jorge de,epról.10aEducación especialn1 2ddccBK aInventariado extranjero / 2017 VM 00102ddc40708CGaBPMETbBPMETd2015-10-06eDonado Fundación Economía y Desarrollol0o371.92 P438opBPMSU15100049r2015-10-06w2015-10-06yBK 00102ddc40708CGaBPMETbBPMETd2015-10-06eDonado Fundación Economía y Desarrollol0o371.92 P438opBPMSU15100050r2015-10-06te. 2w2015-10-06yBK aBrenda Tavárez aValidado. Control de calidad MFF c8333d8333